000 00719nam a22002417a 4500
003 UA-OsUOA
001 29521
007 ta
008 20041012b un ||||| |||| 00| 0 ukr d
090 _a94(477).05
_bС29
942 _cBK
040 _aUA-OsUOA
_bukr
_cUA-OsUOA
_dUA-OsUOA
245 _aСелянський рух на Україні 1569-1647 р. р.
_bЗбірник документів і матеріалів
_cРед. Л. З.Гісцова М. Г.Крикун В. А.Смолій
300 _a534 с.
955 _a0
041 _aukr
080 _a94(477).05
020 _a5-12-002122-0
260 _aКиїв
_bНаукова думка
_c1993
044 _aUA
650 7 _2UDC
999 _c315912
_d315912